书目信息 |
| 题名: |
联合国教科文组织运行机制研究
|
|
| 作者: | 李国庆 著 | |
| 分册: | ||
| 出版信息: | 北京 人民日报出版社 2017 |
|
| 页数: | 211页 | |
| 开本: | 24cm | |
| 丛书名: | 人民日报学术文库 | |
| 单 册: | ||
| 中图分类: | G113 | |
| 科图分类: | ||
| 主题词: | ||
| 电子资源: | ||
| ISBN: | 978-7-5115-4599-2 | |
| 000 | 01192oam2 2200289 450 | |
| 001 | 012001003437 | |
| 005 | 20140926114740.0 | |
| 010 | @a978-7-5115-4599-2@b精装@dCNY68.00 | |
| 100 | @a20170802d2017 em y0chiy50 ea | |
| 101 | 0 | @achi |
| 102 | @aCN@b110000 | |
| 105 | @ay az 000yy | |
| 106 | @ar | |
| 200 | 1 | @a联合国教科文组织运行机制研究@9lian he guo jiao ke wen zu zhi yun xing ji zhi yan jiu@f李国庆著 |
| 210 | @a北京@c人民日报出版社@d2017 | |
| 215 | @a211页@d24cm | |
| 225 | 1 | @a人民日报学术文库 |
| 300 | @a本书受北京第二外国语学院“联合国教科文组织研究中心”资助 | |
| 314 | @a李国庆 (1980-),男,北京第二外国语学院英语学院副教授,博士,硕士生导师。 | |
| 320 | @a有书目(第209-211页) | |
| 330 | @a本书分别从教育、科学和文化三个维度,通过对联合国教科文组织的作用机制、组织管理机制、沟通机制和信息传播机制,管理制度、运作程序和职能的详细介绍,及其在重点领域所做出的努力、贡献、得出的经验教训进行整理和分析,使更多的读者系统地了解这一重要国际智力组织的运作机制。 | |
| 461 | 0 | @12001 @a人民日报学术文库 |
| 601 | 02 | @a联合国教科文组织@x研究 |
| 690 | @aG113@v5 | |
| 701 | 0 | @a李国庆@9li guo qing@f(1980-)@4著 |
| 801 | 0 | @aCN@b上海新华@c20180901 |
| 905 | @b1162854-8@dG113@e61@f5 | |
| 联合国教科文组织运行机制研究/李国庆著.-北京:人民日报出版社,2017 |
| 211页;24cm.-(人民日报学术文库) |
| 本书受北京第二外国语学院“联合国教科文组织研究中心”资助 |
| ISBN 978-7-5115-4599-2(精装):CNY68.00 |
| 本书分别从教育、科学和文化三个维度,通过对联合国教科文组织的作用机制、组织管理机制、沟通机制和信息传播机制,管理制度、运作程序和职能的详细介绍,及其在重点领域所做出的努力、贡献、得出的经验教训进行整理和分析,使更多的读者系统地了解这一重要国际智力组织的运作机制。 |
| ● |
| 相关链接 |
|
|
|
|
正题名:联合国教科文组织运行机制研究
索取号:G113/61
 
预约/预借
| 序号 | 登录号 | 条形码 | 馆藏地/架位号 | 状态 | 备注 |
| 1 | 1162854 | 211628540 | 第一样本阅览室/ [索取号:G113/61] | 在馆 | |
| 2 | 1162855 | 211628559 | 第四借阅区/ [索取号:G113/61] | 在馆 | |
| 3 | 1162856 | 211628568 | 第四借阅区/ [索取号:G113/61] | 在馆 | |
| 4 | 1162857 | 211628577 | 第四借阅区/ [索取号:G113/61] | 在馆 | |
| 5 | 1162858 | 211628586 | 第四借阅区/ [索取号:G113/61] | 在馆 |